Cities of Polk County, Florida - Statistics

General Stats
  • This quiz has been taken 29 times
  • The average score is 10 of 17
Answer Stats
Answer Population % Correct
Auburndale 18,590
100%
Lakeland 120,274
100%
Winter Haven 55,105
100%
Lake Wales 16,520
83%
Bartow 19,918
67%
Davenport 13,537
67%
Fort Meade 5,201
67%
Polk City 2,991
67%
Eagle Lake 3,535
50%
Frostproof 3,342
50%
Haines City 33,645
50%
Lake Alfred 7,099
50%
Lake Hamilton 1,621
50%
Mulberry 4,113
50%
Dundee 6,002
33%
Highland Park 268
33%
Hillcrest Heights 265
0%
No matching quizzes found
Score Distribution
Percent of People with Each Score
Percentile by Number Answered
Your Score History
You have not taken this quiz